| 000 | 00520nam a22001811a 4500 | ||
|---|---|---|---|
| 001 | 1650 | ||
| 003 | OSt | ||
| 005 | 20260204211742.0 | ||
| 008 | 040120s2003||||dr ||||||b||||||||||spa|| | ||
| 050 | _aRD 350.91 R299l | ||
| 082 | _aRD 350.91 R299l | ||
| 111 | _aRepública Dominicana. | ||
| 245 | _aLey Nº 19-01 Que instituye el defensor del pueblo / Fundación institucionalidad y justicia. | ||
| 264 | _aSanto Domingo : Finjus | ||
| 300 | _a24 p. | ||
| 650 | _a1.Defensor Público. 2.Ley Nº19-01Ì | ||
| 942 |
_2ddc _cBK |
||
| 999 |
_c1650 _d1650 |
||